MDQL
is popping MORE tags! Check the
thread
!
Quizzes
Events
Quiz Creation
Community
Videos
Private Events
Remove Ads
Sign In
Join for FREE
Feedback
Dark Mode
Quiz Categories
Sports
Geography
Music
Movies
Television
Just For Fun
Miscellaneous
History
Literature
Language
Science
Gaming
Entertainment
Religion
Holiday
For Kids
Quiz Lab
Recent
Popular Today
Quiz Kudos Today
Editor Picks
Curator Picks
Quizzes by...
Day
Popularity
Type
Ratings
Length
Year
Community
Subscriptions
Recent Discussions
Orange Saloon
Badges
Playlists
Quests
Create
Leaderboards
Showdown
Live 5
Trivia Bingo
Activity
Puzzle Library
Sporcle Events
Private Events
Virtual Trivia
Globe League
Become a Host
Pub Owners
SporcleCon
Opinionation
Our Games
Videos
Blog
Mobile Apps
Partnerships
Remove Ads and Go Orange
Feedback
Sports
Athletes
MLB
NBA
NHL
NFL
Soccer
Sports Teams
WWE
NCAA
Football
Premier League
Basketball
Baseball
Hockey
Golf
Tennis
Cricket
Rugby
Auto Racing
Olympics
World Cup
Sports
Athletes
MLB
NBA
NHL
NFL
Soccer
Sports Teams
WWE
NCAA
Football
Premier League
Basketball
Baseball
Hockey
Golf
Tennis
Cricket
Rugby
Auto Racing
Olympics
World Cup
Random Quiz
Search Sporcle
×
Quiz Lab
Quiz Lab
Sports
Nationality
Type in answers that appear in a list
Type in answers that appear in a list
Classic
Best Score? Go Orange.
Paris-Roubaix winners Stats
Can you name the winners of Paris-Roubaix?
By
Tabasco
10m
107 Questions
656 Plays
656 Plays
656 Plays
Comments
Comments
Give Quiz Kudos
Give Quiz Kudos
-
- Ratings
hide this ad
Replay
Link that replays current quiz
Next Quiz
Link to next quiz in quiz playlist
You Got
0%
They Got
Avg Score
52%
Avg Friend Score
Upgrade to see
Score Distribution
Jump to the score distribution portion of the page
Score
0/107
Timer
10:00
0
Plays Today
Year
Rider
% Correct
2005
Tom Boonen
97.9%
2008
Tom Boonen
97.9%
2009
Tom Boonen
97.9%
2006
Fabian Cancellara
95.6%
1968
Eddy Merckx
94.7%
1970
Eddy Merckx
94.7%
1973
Eddy Merckx
94.7%
1996
Johan Museeuw
87.3%
2000
Johan Museeuw
87.3%
2002
Johan Museeuw
87.3%
2007
Stuart O'Grady
86.1%
1981
Bernard Hinault
84.5%
1984
Sean Kelly
81.9%
1986
Sean Kelly
81.9%
1972
Roger de Vlaeminck
81.4%
1974
Roger de Vlaeminck
81.4%
1975
Roger de Vlaeminck
81.4%
1977
Roger de Vlaeminck
81.4%
2004
Magnus Backstedt
80%
2003
Peter van Petegem
79.1%
2001
Servais Knaven
77.1%
1949
Andre Mahe|Serse Coppi
75.8%
1950
Fausto Coppi
75.8%
1999
Andrea Tafi
75.8%
1994
Andrei Tchmil
72.4%
1978
Francesco Moser
72%
1979
Francesco Moser
72%
1980
Francesco Moser
72%
1961
Rik van Looy
71.3%
1962
Rik van Looy
71.3%
1965
Rik van Looy
71.3%
1995
Franco Ballerini
67.5%
1998
Franco Ballerini
67.5%
1982
Jan Raas
66.8%
1967
Jan Janssen
66.6%
1997
Frederic Guesdon
66.6%
Year
Rider
% Correct
1992
Gilbert Duclos-Lassalle
65.5%
1993
Gilbert Duclos-Lassalle
65.5%
1948
Rik van Steenbergen
64.8%
1952
Rik van Steenbergen
64.8%
1990
Eddy Planckaert
63.6%
1983
Hennie Kuiper
63%
1985
Marc Madiot
61.3%
1991
Marc Madiot
61.3%
1956
Louison Bobet
61%
1987
Eric Vanderaerden
57.9%
1966
Felice Gimondi
57.3%
1969
Walter Godefroot
55.2%
1897
Maurice Garin
55%
1898
Maurice Garin
55%
1988
Dirk Demol
52.1%
1913
Francois Faber
50.3%
1933
Sylvere Maes
49.1%
1964
Peter Post
48.5%
1989
Jean-Marie Wampers
47.9%
1957
Fred de Bruyne
47.1%
1919
Henri Pelissier
45.7%
1921
Henri Pelissier
45.7%
1909
Octave Lapize
44.8%
1910
Octave Lapize
44.8%
1911
Octave Lapize
44.8%
1923
Heiri Suter
44.7%
1976
Marc Demeyer
43.6%
1896
Jozef Fischer
41%
1906
Henri Cornet
39.9%
1954
Raymond Impanis
39.2%
1905
Louis Trousselier
39%
1959
Noel Fore
38.9%
1928
Andre Leducq
37.8%
1936
Georges Speicher
37.7%
1931
Gaston Rebry
37.2%
1934
Gaston Rebry
37.2%
Year
Rider
% Correct
1935
Gaston Rebry
37.2%
1960
Pino Cerami
37%
1943
Marcel Kint
36.1%
1912
Charles Crupelandt
34.1%
1914
Charles Crupelandt
34.1%
1903
Hippolyte Aucouturier
34%
1904
Hippolyte Aucouturier
34%
1955
Jean Forestier
34%
1908
Cyrille van Hauwaert
32.9%
1953
Germain Derycke
32.8%
1971
Roger Rosiers
32.8%
1920
Paul Deman
31.4%
1927
Georges Ronsse
31.3%
1899
Albert Champion
26.8%
1932
Romain Gijssels
26.8%
1963
Emile Daems
26.7%
1901
Lucien Lesna
25.2%
1902
Lucien Lesna
25.2%
1946
Georges Claes
25.2%
1947
Georges Claes
25.2%
1924
Jules van Hevel
24.7%
1951
Antonio Bevilacqua
23.3%
1937
Jules Rossi
23%
1958
Leon Vandaele
22.9%
1925
Felix Sellier
22.3%
1945
Paul Maye
21.3%
1930
Julien Vervaecke
21.2%
1907
Georges Passerieu
20.7%
1944
Maurice Desimpelaere
20.7%
1926
Julien Delbecque
20.6%
1900
Emile Bouhours
20.1%
1938
Lucien Storme
20.1%
1939
Emile Masson
20%
1922
Albert Dejonghe
16.9%
1929
Charles Meunier
14.9%
Quiz Playlist
Details
Report
Send in Message
Add To Playlist
Classic:
Type in answers that appear in a list
Quiz Source
Last Updated: Feb 16, 2017
Quiz Scoreboard
CHALLENGE
Sign Up to Join the Scoreboard
Show All
Scores
Hide
Comments
May contain spoilers
Recently Published
Two Season TV Shows II
by 123Four
Television
10m
Image Sorting: Flags VI
by Barbecue
Geography
2m
Find the 'City' Movie
by crazypaving
Movies
60s
More to Explore
Quiz From the Vault
Featured Blog Post
14 Easter Pick-up Lines to Find Eggs With
hide this ad
You Might Also Like...
Tags
Nationality
Paris-Roubaix
Rider
Winner
Today's Top Quizzes in Sports
Browse Sports
hide this ad
Today's Top Quizzes in Nationality
Browse Nationality
Top Contributed Quizzes in Sports
1
Les meilleurs buteurs des matchs entre le PSG et l’OM
2
Les entraîneurs de l'OM et du PSG au 21e siècle
3
2022 World Cup Stars
4
Les joueurs passés par le PSG et l'OM
5
Players with Multiple 50 Home Run Seasons
6
FIFA Club World Cup Champions
7
Criteria MLB: Left Handed Sluggers
8
Les joueurs passés par le LOSC et le RC Lens
9
Top 10 NHL Goal Scorers of All Time
10
MLB Players with Two .350 Batting Average Seasons
Explore More
Trending Topics
Marvel
NBA
Anime
Kpop
Disney
Harry Potter
Crossword
WWE
Soccer
Puzzle
Song
Pokémon
NFL
The Office
Country
hide this ad
More By:
Tabasco
Quiz
Plays
Rating
Category
Featured
Created
Rivers of Europe
111,443
4.35
Geography
Jan 31, 2011
Rivers and Lakes of Africa
39,454
4.55
Geography
Nov 14, 2011
Largest Cities in the EU (1050-1800)
13,788
4.37
History
Mar 2, 2010
Largest cities Netherlands (1500-2000)
8,587
4.50
History
Apr 2, 2010
Rivers And Lakes Of Asia (map)
5,157
4.51
Geography
Nov 7, 2011
Go to Creator's Profile
Score Distribution
Quiz Creator Spotlight
Tabasco
Follow
Send a Message
Quizzes Created
-
Created Quiz Play Count
-
More By This Creator
Popular Quizzes Today
1
Find the US States - No Outlines Minefield
2
Colored Red Africa Blitz
3
Find the 'City' Movie
4
5x2 Blitz: Bands
5
The Countries of the World
6
Find the Countries of Europe - No Outlines Minefield
7
Find the US States
8
US States
More Sports Quizzes
Portuguese Primeira Liga clubs in the 21st century
Quiz Lab
Trending Quizzes
Colored Red Europe Blitz I
Colored Red Africa Blitz II
Colored Red Europe Blitz II
Colored Red Africa Blitz III
Colored Red Europe Blitz III
Recently Updated
How Do You Spell That?
pecheneg
Godzilla Movies
pecheneg
Grab Bag: 4-10 Letters
pecheneg
2024 March Madness Bracket
pecheneg
Famous TV Couples
Peacemaker
Champions League XIs: Real Madrid
pecheneg
Largest US Cities 1790-2010
pecheneg
Rides in Walt Disney World
pecheneg
Most Oscar Losses (Acting)
pecheneg
Beyoncé Albums
pecheneg
Trending Topics
Harry Potter
Kpop
NBA
Disney
Marvel
Crossword
Anime
Pokémon
Soccer
Country
Song
The Office
Puzzle
WWE
NFL
Your Account Isn't Verified!
In order to create a playlist on Sporcle, you need to verify the email address you used during registration. Go to your
Sporcle Settings
to finish the process.
Report this User
Report this user for behavior that violates our
Community Guidelines
.
Details:
Send Report
Go to the Sporcle.com Mobile Site →
Comments